| 000 -LEADER |
| fixed length control field |
00397 a2200157 4500 |
| 003 - CONTROL NUMBER IDENTIFIER |
| control field |
OSt |
| 005 - DATE AND TIME OF LATEST TRANSACTION |
| control field |
20240730190947.0 |
| 008 - FIXED-LENGTH DATA ELEMENTS--GENERAL INFORMATION |
| fixed length control field |
240730b ||||| |||| 00| 0 eng d |
| 020 ## - INTERNATIONAL STANDARD BOOK NUMBER |
| International Standard Book Number |
978-0500292457 |
| 082 ## - DEWEY DECIMAL CLASSIFICATION NUMBER |
| Classification number |
686.22 COL |
| 100 ## - MAIN ENTRY--PERSONAL NAME |
| Personal name |
COLES STEPHEN |
| 245 ## - TITLE STATEMENT |
| Title |
The Geometry of Type: The Anatomy of 100 Essential Typefaces |
| 260 ## - PUBLICATION, DISTRIBUTION, ETC. (IMPRINT) |
| Name of publisher, distributor, etc |
THAMES HUDSON |
| Date of publication, distribution, etc |
2016 |
| 300 ## - PHYSICAL DESCRIPTION |
| Extent |
256p; |
| 942 ## - ADDED ENTRY ELEMENTS (KOHA) |
| Source of classification or shelving scheme |
|